000
00229 a2200097 4500
001
58581
100
_a
245
_a
Neuro control systems : theory and applications
260
_a
USA
_b
Mc Graww Hill
_c
1994
090
_c
35936
_d
35936
942
_a
NUST-CAE
_c
_c
28820
999
_c
293654
_d
293654